| 000 | 00437nam a2200145 a 4500 | ||
|---|---|---|---|
| 001 | 000047807 | ||
| 005 | 20201002060741.0 | ||
| 008 | 180810s2004 dr a 000 spa d | ||
| 040 |
_aDO-SdBNP _bspa _cBNPHU |
||
| 082 |
_axxx _bG924 |
||
| 245 | 0 |
_aGuerra de abril 1965 : _b50 aniversario abril 1965. |
|
| 260 |
_aSanto Domingo : _bArchivo General de la Nación, _c[s.f.]. |
||
| 300 |
_a36 p. : _bil ; _c19 cm. |
||
| 590 | _aInventariado,2018/DG | ||
| 999 |
_c47295 _d47295 |
||